000 00993nam a22002415i 4500
001 175156
003 ES-MaACL
005 20250815103933.0
008 101008s1964 sp a |||| | spa d
080 _a631.42
100 1 _aGuitián Ojea, Francisco.
_960910
245 1 0 _aTécnicas de análisis de suelos
_b: experiencias de campo /
_cFrancisco Guitián Ojea.
260 _aMadrid :
_bConsejo Superior de Investigaciones Científicas,
_c1964.
300 _a165 p. :
_bil. ;
_c25 cm.
490 1 _aMonografías de ciencia moderna ;
_v70
490 1 _aCentro de Edafología y Biología Vegetal de Santiago de Compostela ;
_v1
650 1 4 _aSuelos-
_xAnálisis.
_9143491
710 2 _aConsejo Superior de Investigaciones Científicas (España)
_93236
830 0 _aMonografías de ciencia moderna
_v70
_9189470
830 0 _aCentro de Edafología y Biología Vegetal de Santiago de Compostela ;
_v1
_9223863
852 _aES-MaACL
_jE-13334
_xOlim P-555 bis
999 _c175156
_d175156